Programa de ampliación de matemáticas : adaptado al cuestionario oficial / redactado por el profesor Manuel Sastre Carreras adaptado al cuestionario oficial / redactado por el profesor Manuel Sastre Carreras
Descripción Física:
16 p. ; 17 cm
Materias:
Matemàtica -- Ensenyament
MARC
| LEADER | 00000nam a2200000Ia 4500 | ||
|---|---|---|---|
| 001 | 15656 | ||
| 008 | 160829s9999 xx 000 0 cat d | ||
| 080 | |a FU-39-24 | ||
| 100 | |a Sastre Carreras, Manuel |9 24669 | ||
| 245 | |a Programa de ampliación de matemáticas : |b adaptado al cuestionario oficial / redactado por el profesor Manuel Sastre Carreras | ||
| 260 | |a [Barcelona] : |b Escuela de Peritos Industriales de Barcelona, [1945] | ||
| 300 | |a 16 p. ; |c 17 cm | ||
| 590 | |a A la portada: Curso 1945-46. | ||
| 590 | |a Bibliografia | ||
| 650 | |a Matemàtica |x Ensenyament |9 32226 | ||
| 710 | 2 | |a Escola de Pèrits Industrials de Barcelona |9 55106 | |
| 901 | |a Arxiu | ||
| 942 | |n 1 | ||
| 952 | |0 0 |1 0 |4 0 |6 FU3924 |7 1 |9 43254 |a Arxiu |b Arxiu |d 2016-12-01 |l 0 |o FU-39-24 |p 15656 |r 2016-12-01 00:00:00 |w 2016-12-01 |y ARXIU | ||
| 999 | |c 45798 |d 45798 | ||